| 000 | 00384cam a22001337a 4500 | ||
|---|---|---|---|
| 008 | 180718b1959 xxu||||| |||| 00| 0 eng d | ||
| 082 | _aA72x66 C885 | ||
| 100 | _aCrowder, Michael | ||
| 245 |
_aPagens and politicians _cby Michael Crowder |
||
| 260 |
_aLondon _bHutchinson _c1959 |
||
| 300 | _a224p. | ||
| 650 | _aAfrica West - Politics | ||
| 650 | _aAfrica West - Descroption and Travel | ||
| 999 |
_c363312 _d363312 |
||